Balzamovač /
Třetí složitý případ inspektora Francise Sullivana je další částí detektivně thrillerové série a volně navazuje na dva předchozí romány - Tatérka a Inkoust.
Uloženo v:
| Série: | Tatérka,
část 3 |
|---|---|
| Hlavní autor: | |
| Další autoři: | |
| Médium: | E-kniha |
| Jazyk: | Czech |
| Vydáno: |
Praha :
Kniha Zlin,
2022
|
| Vydání: | Vydání první |
| Témata: | |
| Příbuzné jednotky: | Z cyklu::
Tatérka |
| Tagy: |
Žádné tagy |
| LEADER | 02598nam a2200481 i 4500 | ||
|---|---|---|---|
| 001 | 311489 | ||
| 003 | CZ PrSKC | ||
| 005 | 20260601215706.0 | ||
| 007 | ta | ||
| 008 | 220117s2022 xr g 000 f cze | ||
| 015 | |a cnb003391474 | ||
| 020 | |a 9788076622623 |q (vázáno) | ||
| 035 | |a (OCoLC)1302727583 | ||
| 040 | |a ABG001 |b cze |d ABA001 |e rda | ||
| 041 | 1 | |a cze |h eng | |
| 072 | 7 | |a 821.111-3 |x Anglická próza, anglicky psaná |2 Konspekt | |
| 080 | |a 821.111-31 |2 MRF | ||
| 080 | |a (0:82-312.4) |2 MRF | ||
| 100 | 1 | |a Belsham, Alison |7 mzk20181009027 |4 aut | |
| 240 | 1 | 0 | |a Embalmer. |l Česky |
| 245 | 1 | 0 | |a Balzamovač / |c Alison Belshamová ; přeložila Alžběta Ambrožová |
| 250 | |a Vydání první | ||
| 264 | 1 | |a Praha : |b Kniha Zlin, |c 2022 | |
| 300 | |a 377 stran ; |c 21 cm | ||
| 336 | |a text |b txt |2 rdacontent | ||
| 337 | |a bez média |b n |2 rdamedia | ||
| 338 | |a svazek |b nc |2 rdacarrier | ||
| 500 | |a Přeloženo z angličtiny | ||
| 520 | 2 | |a Třetí složitý případ inspektora Francise Sullivana je další částí detektivně thrillerové série a volně navazuje na dva předchozí romány - Tatérka a Inkoust. |b V brightonském Přírodovědném muzeu je nalezeno čerstvě mumifikované tělo. Když se spolu s kryptickými zprávami začnou objevovat egyptské pohřební nádoby a v nich části těla, má detektiv Francis Sullivan jasno - jde o práci sériového vraha. V ohrožení se navíc ocitá i Francisova exmilenka, tatérka Marni, která čelí obvinění z vraždy. Rozpolcený vyšetřovatel musí svést boj s vlastními démony i s časem, aby odhalil šíleného balzamovače dřív, než bude pozdě. Nakladatelská anotace. Kráceno. | |
| 655 | 7 | |a anglické romány |7 fd131814 |2 czenas | |
| 655 | 7 | |a detektivní romány |7 fd132010 |2 czenas | |
| 655 | 7 | |a thrillery (romány) |7 fd184206 |2 czenas | |
| 655 | 9 | |a English fiction |2 eczenas | |
| 655 | 9 | |a detective novels |2 eczenas | |
| 655 | 9 | |a thrillers (novels) |2 eczenas | |
| 700 | 1 | |a Ambrožová, Alžběta, |d 1993- |7 xx0242057 |4 trl | |
| 787 | 0 | 8 | |i Z cyklu: |t Tatérka |g 3 |
| 900 | |a ABA001 |b 20 | ||
| 928 | 9 | |a Albatros Media - Kniha Zlin | |
| 044 | |a xr | ||
| 910 | |a RBIT002 | ||
| 998 | |d 343877 |a https://core.palmknihy.cz/api/books/343877/cover?si64oy |b https://core.palmknihy.cz/api/books/343877/cover/400?si64oy |c https://core.palmknihy.cz/api/books/343877/cover/50?si64oy |e 2027-04-25 |g 384 |i 9788076622623 |j https://core.palmknihy.cz/api/books/343877/preview.epub |k https://core.palmknihy.cz/api/books/343877/preview.pdf |l |q 49 |r 1 |s https://www.palmknihy.cz/kniha/343877 |t ebook |y 2022 |z 0 |v Tatérka |w 3 | ||
| 999 | |d 311487 | ||